[Event "4NCL Division 2b"]
[Site "Hinckley Island ENG"]
[Date "2014.11.16"]
[Round "2.251"]
[White "Snuverink, Jochem"]
[Black "Gantner, Matthias"]
[Result "1-0"]
[WhiteElo "2341"]
[BlackElo "2236"]
[PlyCount "83"]
[EventDate "2014.11.16"]
[WhiteTeam "Kings Head"]
[BlackTeam "White Rose 2"]

1. e4 e6 2. d4 d5 3. Nc3 Bb4 4. e5 c5 5. a3 Bxc3+ 6. bxc3 Ne7 7. Qg4 O-O 8. Bd3
f5 9. Qg3 Qa5 10. Bd2 Qa4 11. Nf3 c4 12. Be2 Qxc2 13. Rc1 Qa4 14. h4 Qd7 15. h5
Na6 16. h6 g6 17. Bg5 Nc7 18. Bf6 Ne8 19. Ng5 Nxf6 20. exf6 Nc6 21. f7+ Kh8 22.
Rb1 Rb8 23. O-O e5 24. dxe5 Qe7 25. Bf3 Be6 26. Rfd1 Rbd8 27. Rxb7 Qxb7 28.
Nxe6 Qxf7 29. Nxf8 Qxf8 30. Rxd5 Qxh6 31. Rxd8+ Nxd8 32. Be2 Qc1+ 33. Bf1 Qxa3
34. Qh4 Qf8 35. Bxc4 Kg7 36. Qd4 Qe7 37. e6+ Kh6 38. Bd5 g5 39. Qb4 Qf6 40. e7
Nc6 41. Bxc6 Qxc6 42. Qb8 1-0

[Event "4NCL Division 2b"]
[Site "Hinckley Island ENG"]
[Date "2014.11.16"]
[Round "2.252"]
[White "Weller, Jean-Luc"]
[Black "McMichael, Richard J"]
[Result "1-0"]
[WhiteElo "2240"]
[BlackElo "2206"]
[PlyCount "99"]
[EventDate "2014.11.16"]
[WhiteTeam "White Rose 2"]
[BlackTeam "Kings Head"]

1. d4 e6 2. e4 d5 3. Nd2 dxe4 4. Nxe4 Bd7 5. Nf3 Bc6 6. Bd3 Nd7 7. O-O Ngf6 8.
Ned2 Be7 9. Nc4 Bd5 10. Ne3 Bxf3 11. Qxf3 c6 12. c3 O-O 13. Re1 Re8 14. Nc4 b5
15. Ne5 Nxe5 16. Rxe5 Qd7 17. a4 b4 18. Bg5 Red8 19. Bxf6 Bxf6 20. Rh5 h6 21.
Be4 Rac8 22. Rc5 Be7 23. Rxc6 f5 24. Rxc8 Rxc8 25. Bb7 Rc7 26. Ba6 bxc3 27.
bxc3 Qc6 28. Qe2 Qxc3 29. Qxe6+ Kh8 30. Rb1 Qc2 31. Rb8+ Kh7 32. g3 Bf6 33. Qd5
Kg6 34. Bb5 Qb1+ 35. Kg2 Qe4+ 36. Qxe4 fxe4 37. d5 Rc2 38. Re8 Rd2 39. Rxe4
Rxd5 40. Re2 Rd4 41. Be8+ Kf5 42. h4 Be5 43. f4 Bd6 44. Kh3 a5 45. h5 Kf6 46.
Kg4 Rd5 47. Bc6 Rd4 48. Bb5 Rd5 49. Bc4 Rc5 50. Bg8 1-0

[Event "4NCL Division 2b"]
[Site "Hinckley Island ENG"]
[Date "2014.11.16"]
[Round "2.254"]
[White "Burnett, Jim"]
[Black "Okike, David C"]
[Result "1/2-1/2"]
[WhiteElo "2096"]
[BlackElo "2171"]
[PlyCount "139"]
[EventDate "2014.11.16"]
[WhiteTeam "White Rose 2"]
[BlackTeam "Kings Head"]

1. d4 Nf6 2. c4 e6 3. Nf3 Bb4+ 4. Bd2 a5 5. Nc3 d5 6. e3 O-O 7. Qc2 Nbd7 8. Bd3
c6 9. O-O Re8 10. a3 Bd6 11. Rfe1 h6 12. Rad1 Qe7 13. e4 dxc4 14. Bxc4 e5 15.
Ba2 Nh5 16. Ne2 Bc7 17. Bc3 c5 18. dxe5 b5 19. Bd5 Ra6 20. Ng3 Nxg3 21. hxg3
Bb8 22. b3 b4 23. Bb2 Rb6 24. axb4 axb4 25. Ra1 Bb7 26. Qc4 Bc6 27. Qc2 Bb5 28.
Red1 Rc8 29. Ra8 Bc6 30. Ra5 Bb5 31. Ra8 Bc6 32. Ra5 Bb7 33. Qc4 Rf8 34. Bxb7
Rxb7 35. Nh4 Bxe5 36. Ng6 Qd8 37. Nxe5 Qxa5 38. Rxd7 Rxd7 39. Nxd7 Rc8 40. Ne5
Qc7 41. Nd3 Qd7 42. Qd5 Qxd5 43. exd5 Rd8 44. Kf1 Rxd5 45. Ke2 f5 46. Bc1 c4
47. bxc4 Rd4 48. Nxb4 Rxc4 49. Nd3 g5 50. Bd2 Kh7 51. f3 Rc2 52. Ne5 Ra2 53. g4
f4 54. Nd3 Kg6 55. Nf2 Ra1 56. Ne4 Rg1 57. Kf2 Ra1 58. g3 fxg3+ 59. Kxg3 Rb1
60. Kf2 Rb3 61. Ng3 Ra3 62. Nh5 Rb3 63. f4 gxf4 64. Bxf4 Ra3 65. Be3 Rb3 66.
Kf3 Ra3 67. Ng3 Rb3 68. Kf4 Rb4+ 69. Ne4 h5 70. gxh5+ 1/2-1/2

[Event "4NCL Division 2b"]
[Site "Hinckley Island ENG"]
[Date "2014.11.16"]
[Round "2.255"]
[White "Davey, Mark"]
[Black "Shaw, Peter"]
[Result "0-1"]
[WhiteElo "1995"]
[BlackElo "2153"]
[PlyCount "108"]
[EventDate "2014.11.16"]
[WhiteTeam "Kings Head"]
[BlackTeam "White Rose 2"]

1. e4 d6 2. d4 Nf6 3. Nc3 c6 4. g3 Qa5 5. Bg2 e5 6. Nge2 Be7 7. O-O O-O 8. Bd2
Qb6 9. Na4 Qc7 10. c4 Nbd7 11. Qc2 Re8 12. Rac1 exd4 13. Nxd4 Bf8 14. Rfe1 g6
15. b4 Bg7 16. c5 dxc5 17. Nxc5 Nxc5 18. Qxc5 Nd7 19. Qc3 Nf8 20. Qb2 Qb6 21.
Bc3 a5 22. Nc2 Bxc3 23. Qxc3 axb4 24. Nxb4 Rd8 25. Red1 Bg4 26. Rxd8 Rxd8 27.
h3 Be6 28. a3 Qd4 29. Qxd4 Rxd4 30. f4 Nd7 31. Kf2 Rd2+ 32. Kf3 c5 33. Rc2 Rd1
34. Ke2 Rg1 35. Kf2 cxb4 36. Kxg1 bxa3 37. Rc8+ Kg7 38. Ra8 a2 39. f5 Bc4 40.
Ra3 b5 41. Bf1 b4 42. Bxc4 bxa3 43. Bxa2 Nc5 44. fxg6 fxg6 45. e5 Ne4 46. e6
Kf6 47. g4 Nc3 48. g5+ Ke7 49. Bc4 a2 50. Bxa2 Nxa2 51. Kg2 Kxe6 52. Kg3 Kf5
53. h4 Nc3 54. Kh3 Kf4 0-1

[Event "4NCL Division 2b"]
[Site "Hinckley Island ENG"]
[Date "2014.11.16"]
[Round "2.1"]
[White "Mackenzie, Colin"]
[Black "Weller, Pierre"]
[Result "1/2-1/2"]
[WhiteElo "2065"]
[BlackElo "2092"]
[PlyCount "33"]
[EventDate "2014.11.16"]
[WhiteTeam "Kings Head"]
[BlackTeam "White Rose 2"]

1. c4 Nf6 2. g3 c5 3. Bg2 Nc6 4. Nc3 e5 5. d3 Be7 6. Nf3 O-O 7. O-O h6 8. a3 d5
9. cxd5 Nxd5 10. Nxd5 Qxd5 11. Bd2 Be6 12. Bc3 Qd6 13. Nd2 f6 14. Rb1 Bd5 15.
Bxd5+ Qxd5 16. Qa4 Rab8 17. Qg4 1/2-1/2

[Event "4NCL Division 2b"]
[Site "Hinckley Island ENG"]
[Date "2014.11.16"]
[Round "2.5"]
[White "Thompson, Ian D"]
[Black "McGowan, Daniel"]
[Result "1/2-1/2"]
[WhiteElo "2197"]
[BlackElo "2108"]
[PlyCount "123"]
[EventDate "2014.11.16"]
[WhiteTeam "BCM Dragons (1)"]
[BlackTeam "Grantham Sharks 2"]

1. c4 e6 2. Nc3 d5 3. d4 Nf6 4. cxd5 exd5 5. Bg5 c6 6. Qc2 Nbd7 7. e3 Be7 8.
Bd3 Nf8 9. Nf3 Ne6 10. Bh4 g6 11. O-O O-O 12. Rab1 Ng7 13. b4 a6 14. a4 Nf5 15.
Bg5 Nd6 16. b5 axb5 17. axb5 Bf5 18. Bxf5 Nxf5 19. bxc6 bxc6 20. Ne5 Rc8 21.
Qa4 c5 22. Nc6 Qd6 23. Nxe7+ Nxe7 24. dxc5 Rxc5 25. Qd4 Rc6 26. Nb5 Qe6 27. Qf4
Qf5 28. Qh4 Qe5 29. Nd4 Ra6 30. Rb5 Rfa8 31. Rfb1 h5 32. Bxf6 Rxf6 33. Nf3 Qe6
34. Rb8+ Rxb8 35. Rxb8+ Kg7 36. Qa4 Qc6 37. Qxc6 Rxc6 38. g3 Rd6 39. Nd4 Kf6
40. Kg2 Nf5 41. Nf3 Ng7 42. h3 Ne6 43. Rb4 Rc6 44. Rb5 Rd6 45. Kf1 Ng5 46. Nxg5
Kxg5 47. Ke2 Kf5 48. Kd3 Ke6 49. g4 hxg4 50. hxg4 Ra6 51. Rb4 Rc6 52. Kd4 Kd6
53. g5 Ke6 54. f4 Kd6 55. Rb8 Rc4+ 56. Kd3 Rc6 57. Ra8 Ke6 58. Ra7 Rb6 59. Kd4
Rb4+ 60. Kc3 Rc4+ 61. Kd3 Rc6 62. Kd4 1/2-1/2

[Event "4NCL Division 2b"]
[Site "Hinckley Island ENG"]
[Date "2014.11.16"]
[Round "2.6"]
[White "Bremner, Adam"]
[Black "Coates, Kenneth G"]
[Result "1-0"]
[WhiteElo "2171"]
[BlackElo "2153"]
[PlyCount "101"]
[EventDate "2014.11.16"]
[WhiteTeam "Grantham Sharks 2"]
[BlackTeam "BCM Dragons (1)"]

1. d4 d5 2. c4 c6 3. cxd5 cxd5 4. Bf4 Nc6 5. e3 Qb6 6. Nc3 Qxb2 7. Nxd5 e5 8.
dxe5 Bb4+ 9. Nxb4 Qc3+ 10. Ke2 Nxb4 11. Rc1 Nxa2 12. Rc2 Be6 13. Kf3 Qb3 14.
Qd3 Ne7 15. Qxb3 Bxb3 16. Rb2 Be6 17. Bb5+ Nc6 18. Ne2 O-O 19. Bxc6 bxc6 20.
Ra1 a5 21. Rbxa2 Bxa2 22. Rxa2 Rfd8 23. e4 Rd3+ 24. Be3 a4 25. Kf4 Ra5 26. Nc1
Rd1 27. Kf3 Kf8 28. Ke2 Rh1 29. h3 Rg1 30. g3 Ke8 31. Nd3 Rb1 32. Nc5 a3 33.
Nd3 c5 34. Bd2 Ra8 35. Bc3 c4 36. Nb4 Rb8 37. Rxa3 R8xb4 38. Bxb4 Rxb4 39. Rc3
Kd7 40. Ke3 Kc6 41. Kd4 Kb5 42. Kd5 Ra4 43. Rc2 Rb4 44. f4 Rb3 45. Rxc4 Rxg3
46. f5 Rxh3 47. Rd4 Ra3 48. e6 Ra7 49. Kd6 fxe6 50. fxe6 h5 51. e7 1-0

[Event "4NCL Division 2b"]
[Site "Hinckley Island ENG"]
[Date "2014.11.16"]
[Round "2.7"]
[White "Richardson, Keith B"]
[Black "Birtwistle, Nigel"]
[Result "1-0"]
[WhiteElo "2040"]
[BlackElo "2138"]
[PlyCount "59"]
[EventDate "2014.11.16"]
[WhiteTeam "BCM Dragons (1)"]
[BlackTeam "Grantham Sharks 2"]

1. c4 Nf6 2. Nc3 g6 3. g3 Bg7 4. Bg2 O-O 5. d4 d6 6. Nf3 c6 7. O-O Qa5 8. e4 e5
9. h3 Nbd7 10. Re1 Re8 11. d5 cxd5 12. cxd5 b5 13. Bd2 b4 14. Na4 Nb6 15. Nxb6
Qxb6 16. Qb3 Rb8 17. Be3 Qb7 18. Nd2 Bd7 19. a3 a5 20. a4 Bf8 21. Rec1 Rec8 22.
f4 exf4 23. gxf4 Rxc1+ 24. Rxc1 Rc8 25. Rc4 Rxc4 26. Nxc4 Qa6 27. e5 Nh5 28. e6
Bxa4 29. Qxa4 Qxc4 30. Qd1 1-0

[Event "4NCL Division 2b"]
[Site "Hinckley Island ENG"]
[Date "2014.11.16"]
[Round "2.8"]
[White "Varnam, Liam D"]
[Black "Scrimgour, Alan"]
[Result "1/2-1/2"]
[WhiteElo "2124"]
[BlackElo "2026"]
[PlyCount "24"]
[EventDate "2014.11.16"]
[WhiteTeam "Grantham Sharks 2"]
[BlackTeam "BCM Dragons (1)"]

1. e4 c5 2. Nf3 e6 3. d4 cxd4 4. Nxd4 Nc6 5. Nc3 Qc7 6. Nxc6 bxc6 7. Bd3 d5 8.
exd5 exd5 9. Qe2+ Be7 10. O-O Nf6 11. h3 O-O 12. Qf3 Bd6 1/2-1/2

[Event "4NCL Division 2b"]
[Site "Hinckley Island ENG"]
[Date "2014.11.16"]
[Round "2.9"]
[White "Fegan, Chris"]
[Black "Prior, Stephen"]
[Result "1/2-1/2"]
[WhiteElo "2094"]
[BlackElo "2018"]
[PlyCount "125"]
[EventDate "2014.11.16"]
[WhiteTeam "BCM Dragons (1)"]
[BlackTeam "Grantham Sharks 2"]

1. e4 c5 2. a3 e6 3. b4 Nc6 4. b5 Nb8 5. c4 d5 6. cxd5 exd5 7. exd5 Nf6 8. Bc4
Nxd5 9. Bb2 Be6 10. Qf3 Nc7 11. Bxe6 Nxe6 12. Qxb7 Nd7 13. Nc3 Be7 14. Nf3 O-O
15. O-O Bf6 16. Rfb1 Nd4 17. Nxd4 Bxd4 18. Nd5 Bxb2 19. Rxb2 Nb6 20. Ne7+ Kh8
21. Nc6 Qd5 22. Na5 Qd4 23. Rba2 Rfe8 24. Rf1 Nc4 25. Nb3 Qf4 26. Qd5 Ne5 27.
Nxc5 Rad8 28. Qe4 Qg5 29. Nb7 f5 30. Qe2 Rd4 31. Qe3 f4 32. h4 fxe3 33. hxg5 e2
34. Re1 Nd3 35. Raa1 Nxe1 36. Rxe1 Rxd2 37. f4 Rd1 38. Kf2 Rxe1 39. Kxe1 Re4
40. Nd6 Rxf4 41. Kxe2 Ra4 42. Kd3 Rxa3+ 43. Kc4 Rg3 44. Nc8 Rxg2 45. Nxa7 Rg4+
46. Kd3 Rxg5 47. b6 Rd5+ 48. Kc4 Rd7 49. Nc6 Rb7 50. Kc5 h5 51. Ne5 Kh7 52. Kc6
Rxb6+ 53. Kxb6 Kh6 54. Kc5 Kg5 55. Kd4 Kf4 56. Ng6+ Kg3 57. Ke4 h4 58. Nf4 g5
59. Nh5+ Kf2 60. Kf5 h3 61. Nf6 Kg3 62. Ng4 Kh4 63. Nh2 1/2-1/2

[Event "4NCL Division 2b"]
[Site "Hinckley Island ENG"]
[Date "2014.11.16"]
[Round "2.10"]
[White "Willis, Rupert"]
[Black "Purdon, Colin"]
[Result "1/2-1/2"]
[WhiteElo "2132"]
[BlackElo "2082"]
[PlyCount "97"]
[EventDate "2014.11.16"]
[WhiteTeam "Grantham Sharks 2"]
[BlackTeam "BCM Dragons (1)"]

1. c4 e5 2. g3 Nf6 3. Bg2 c6 4. d4 exd4 5. Qxd4 Na6 6. Nc3 Bc5 7. Qd2 O-O 8. e3
d6 9. Nge2 Re8 10. O-O Bf5 11. a3 Ne4 12. Nxe4 Bxe4 13. b4 Bxg2 14. Kxg2 Bb6
15. Rd1 Qe7 16. Qc3 Rad8 17. Bb2 f6 18. Rd2 Nc7 19. Rad1 Qe4+ 20. Kg1 Ne6 21.
h4 Qf3 22. Qc2 g5 23. c5 dxc5 24. hxg5 Nxg5 25. Nf4 Qe4 26. Qxe4 Nxe4 27. Rxd8
Rxd8 28. Rxd8+ Bxd8 29. f3 Nxg3 30. e4 cxb4 31. axb4 Bc7 32. Ne6 Bb6+ 33. Kg2
Nh5 34. f4 Kf7 35. f5 a5 36. bxa5 Bxa5 37. Kf3 Ng7 38. Nc5 b5 39. Nd7 Ne8 40.
e5 Bc7 41. exf6 Bd6 42. Bd4 c5 43. Nxc5 Bxc5 44. Bxc5 Nxf6 45. Kf4 b4 46. Bxb4
Nd5+ 47. Kg5 Nxb4 48. Kh6 Kg8 49. f6 1/2-1/2

[Event "4NCL Division 2b"]
[Site "Hinckley Island ENG"]
[Date "2014.11.16"]
[Round "2.11"]
[White "Foley, John P"]
[Black "Wells, Daniel J"]
[Result "1/2-1/2"]
[WhiteElo "2007"]
[BlackElo "2002"]
[PlyCount "72"]
[EventDate "2014.11.16"]
[WhiteTeam "BCM Dragons (1)"]
[BlackTeam "Grantham Sharks 2"]

1. d4 Nf6 2. Nf3 g6 3. Bf4 Bg7 4. Nc3 d5 5. e3 O-O 6. h3 c5 7. Be2 Nc6 8. O-O
cxd4 9. exd4 Bf5 10. Re1 Rc8 11. g4 Be4 12. Ne5 Nb4 13. Nxe4 Nxe4 14. c3 Nc6
15. Nxc6 bxc6 16. Ba6 Rb8 17. Bxb8 Qxb8 18. Bd3 Ng5 19. Kg2 Qxb2 20. Qc1 Qxc1
21. Rexc1 Ne6 22. Kg1 Bh6 23. Rd1 Kg7 24. Bf1 Kf6 25. h4 Bf4 26. g5+ Kg7 27.
Bh3 Bd6 28. Bxe6 fxe6 29. Kg2 Rf4 30. Rh1 e5 31. dxe5 Bxe5 32. Rh3 Rc4 33. Re3
Bd6 34. Kh3 Rf4 35. f3 Bc5 36. Rd3 Bf2 1/2-1/2

[Event "4NCL Division 2b"]
[Site "Hinckley Island ENG"]
[Date "2014.11.16"]
[Round "2.12"]
[White "Summerscale, Claire E"]
[Black "Head, Louise"]
[Result "0-1"]
[WhiteElo "1936"]
[BlackElo "1902"]
[PlyCount "72"]
[EventDate "2014.11.16"]
[WhiteTeam "Grantham Sharks 2"]
[BlackTeam "BCM Dragons (1)"]

1. d4 f5 2. c4 Nf6 3. Nc3 e6 4. Nf3 Bb4 5. Bd2 O-O 6. a3 Bxc3 7. Bxc3 Ne4 8.
Qc2 a5 9. Nd2 Nxc3 10. Qxc3 Qf6 11. e3 d6 12. Nf3 Nd7 13. g3 e5 14. d5 a4 15.
Be2 Nc5 16. Nd2 f4 17. gxf4 exf4 18. Qxf6 Rxf6 19. e4 Bh3 20. f3 Kf7 21. Rg1
Rg6 22. Rxg6 Kxg6 23. O-O-O Kf6 24. Kc2 g5 25. Bf1 Bd7 26. h3 h5 27. Bg2 b5 28.
Kc3 Rb8 29. b4 axb3 30. Nxb3 Na4+ 31. Kd4 bxc4 32. Nd2 c3 33. Nc4 Nb2 34. Rc1
Nxc4 35. Kxc4 Rb2 36. Rxc3 Bb5+ 0-1

[Event "4NCL Division 2b"]
[Site "Hinckley Island ENG"]
[Date "2014.11.16"]
[Round "2.15"]
[White "Carleton, John J"]
[Black "Kenworthy, Gary"]
[Result "1-0"]
[WhiteElo "2242"]
[BlackElo "2297"]
[PlyCount "74"]
[EventDate "2014.11.16"]
[WhiteTeam "Spirit of Atticus A"]
[BlackTeam "MK Phoenix 1"]

1. d4 Nf6 2. c4 e6 3. Nc3 Bb4 4. Qc2 b6 5. e4 Bb7 6. Bd3 Bxc3+ 7. bxc3 d6 8.
Ne2 Nbd7 9. O-O e5 10. f4 Qe7 11. Ng3 g6 12. a4 a5 13. fxe5 dxe5 14. Bg5 h6 15.
Bh4 Qe6 16. c5 bxc5 17. Bb5 g5 18. Nf5 Bxe4 19. Ng7+ Ke7 20. Qd2 Qg4 21. Bg3
exd4 22. Rae1 Kf8 23. Be2 Qxg3 24. hxg3 Kxg7 25. cxd4 Rhe8 26. dxc5 Bc6 27. Bb5
Bxb5 28. Rxe8 Rxe8 29. axb5 Re5 30. c6 Nb6 31. Qxa5 Nfd5 32. Re1 f6 33. Rxe5
fxe5 34. Qa1 Kf6 35. Qf1+ Ke7 36. Qf5 Kd6 37. Qf8+ Ne7 1-0

[Event "4NCL Division 2b"]
[Site "Hinckley Island ENG"]
[Date "2014.11.16"]
[Round "2.16"]
[White "Tippleston, Charles"]
[Black "Ivell, Nicholas"]
[Result "1-0"]
[WhiteElo "2121"]
[BlackElo "2268"]
[PlyCount "77"]
[EventDate "2014.11.16"]
[WhiteTeam "MK Phoenix 1"]
[BlackTeam "Spirit of Atticus A"]

1. e4 c5 2. Nf3 e6 3. c3 d5 4. exd5 exd5 5. d4 Nc6 6. Bb5 Bd6 7. dxc5 Bxc5 8.
O-O Nge7 9. Nbd2 O-O 10. Nb3 Bb6 11. Nbd4 Bg4 12. Qa4 Nxd4 13. Nxd4 Qd6 14. Ne2
Bxe2 15. Bxe2 Ng6 16. Bd2 Rfe8 17. Rae1 Re4 18. Qd1 Ne5 19. g3 d4 20. Bf3 Rxe1
21. Bxe1 Nxf3+ 22. Qxf3 d3 23. Bd2 Qd7 24. Re1 h6 25. Qe4 Rd8 26. Kg2 Bc5 27.
b3 b6 28. Qf3 a5 29. h3 b5 30. Re5 Qd6 31. Qe4 Qf8 32. Qc6 Ba7 33. Qxb5 a4 34.
Qxa4 Bb8 35. Re1 g6 36. Qb5 Kh7 37. b4 Qg7 38. Re3 Qf6 39. Qc4 1-0

[Event "4NCL Division 2b"]
[Site "Hinckley Island ENG"]
[Date "2014.11.16"]
[Round "2.17"]
[White "Lund, Brett"]
[Black "Brown, Alan"]
[Result "1-0"]
[WhiteElo "2259"]
[BlackElo "2099"]
[PlyCount "89"]
[EventDate "2014.11.16"]
[WhiteTeam "Spirit of Atticus A"]
[BlackTeam "MK Phoenix 1"]

1. c4 e5 2. g3 Nf6 3. Bg2 d5 4. cxd5 Nxd5 5. Nf3 Nc6 6. O-O Be7 7. d4 exd4 8.
Nxd4 Nxd4 9. Qxd4 Nf6 10. Qa4+ c6 11. Nc3 O-O 12. e4 Be6 13. h3 Qb6 14. Qc2
Rad8 15. Be3 Qa5 16. a3 Rd7 17. b4 Qc7 18. Na4 b5 19. Nc5 Bxc5 20. bxc5 Bc4 21.
Bf4 Qc8 22. Bd6 Bxf1 23. Rxf1 Re8 24. f4 Rdd8 25. g4 Nd7 26. e5 Qa6 27. Qc3 Rc8
28. Be4 Nf8 29. Bc2 Rcd8 30. f5 Qc8 31. Bb3 Qb7 32. e6 fxe6 33. fxe6 Nxe6 34.
Qe5 Qd7 35. Rf8+ Rxf8 36. Bxe6+ Qxe6 37. Qxe6+ Rf7 38. h4 g6 39. h5 gxh5 40.
gxh5 h6 41. Kh2 a5 42. Kh3 b4 43. axb4 axb4 44. Kh4 Ra8 45. Be5 1-0

[Event "4NCL Division 2b"]
[Site "Hinckley Island ENG"]
[Date "2014.11.16"]
[Round "2.18"]
[White "Habershon, Paul"]
[Black "Smith, Andrew P"]
[Result "1/2-1/2"]
[WhiteElo "2114"]
[BlackElo "2151"]
[PlyCount "56"]
[EventDate "2014.11.16"]
[WhiteTeam "MK Phoenix 1"]
[BlackTeam "Spirit of Atticus A"]

1. e4 e5 2. Nf3 Nc6 3. d4 exd4 4. Nxd4 Nf6 5. Nxc6 bxc6 6. e5 Qe7 7. Qe2 Nd5 8.
c4 Ba6 9. Nd2 O-O-O 10. Qe4 Nb6 11. Bd3 Re8 12. f4 f6 13. Nf3 Qe6 14. b3 Bb4+
15. Bd2 Bxd2+ 16. Kxd2 fxe5 17. fxe5 d5 18. cxd5 Qh6+ 19. Kc2 Bxd3+ 20. Qxd3
Nxd5 21. Kb2 Kb7 22. Rac1 Rhf8 23. Rc4 Qe3 24. Rd1 Qxd3 25. Rxd3 Nf4 26. Rdc3
Nxg2 27. Rg4 Nf4 28. Rxg7 Nd5 1/2-1/2

[Event "4NCL Division 2b"]
[Site "Hinckley Island ENG"]
[Date "2014.11.16"]
[Round "2.19"]
[White "Mitchell, Martin"]
[Black "Smith, Graham"]
[Result "1-0"]
[WhiteElo "2182"]
[BlackElo "2046"]
[PlyCount "85"]
[EventDate "2014.11.16"]
[WhiteTeam "Spirit of Atticus A"]
[BlackTeam "MK Phoenix 1"]

1. d4 Nf6 2. c4 e6 3. Nc3 Bb4 4. Nf3 b6 5. Qb3 a5 6. Bg5 Bb7 7. e3 h6 8. Bh4 g5
9. Bg3 Ne4 10. Bd3 Bxc3+ 11. bxc3 d6 12. Qc2 f5 13. d5 Qf6 14. Bxe4 fxe4 15.
Qxe4 Qxc3+ 16. Ke2 Qb2+ 17. Nd2 Qf6 18. h4 g4 19. Qxe6+ Qxe6 20. dxe6 Bxg2 21.
Rhg1 Bb7 22. Bf4 h5 23. f3 Rg8 24. fxg4 hxg4 25. Bg5 Rg6 26. Rxg4 Rxe6 27. h5
Nd7 28. Bh4 Ne5 29. Rg7 Rc8 30. Rf1 Ba6 31. Rf4 d5 32. Rf6 Rxf6 33. Bxf6 Nf7
34. Kf3 dxc4 35. Ne4 Bb7 36. Kf4 Bxe4 37. Kxe4 Kf8 38. Kf5 c5 39. Kg6 Rc7 40.
h6 b5 41. h7 Nh8+ 42. Kh6 Rc6 43. Kg5 1-0

[Event "4NCL Division 2b"]
[Site "Hinckley Island ENG"]
[Date "2014.11.16"]
[Round "2.20"]
[White "Reuben, Stewart"]
[Black "Jackson, Sheila"]
[Result "1/2-1/2"]
[WhiteElo "2089"]
[BlackElo "2143"]
[PlyCount "33"]
[EventDate "2014.11.16"]
[WhiteTeam "MK Phoenix 1"]
[BlackTeam "Spirit of Atticus A"]

1. d4 Nf6 2. c4 e6 3. Nc3 Bb4 4. Bg5 h6 5. Bh4 c5 6. e3 Qa5 7. Qc2 Ne4 8. Rc1
d5 9. f3 Nd6 10. a3 Bxc3+ 11. Qxc3 Qxc3+ 12. Rxc3 cxd4 13. exd4 dxc4 14. Bxc4
Nxc4 15. Rxc4 Nc6 16. b4 a6 17. Ne2 1/2-1/2

[Event "4NCL Division 2b"]
[Site "Hinckley Island ENG"]
[Date "2014.11.16"]
[Round "2.21"]
[White "Ackley, Peter J"]
[Black "Grieve, Harry"]
[Result "1/2-1/2"]
[WhiteElo "2030"]
[BlackElo "1882"]
[PlyCount "22"]
[EventDate "2014.11.16"]
[WhiteTeam "Spirit of Atticus A"]
[BlackTeam "MK Phoenix 1"]

1. g3 d5 2. Bg2 Bg4 3. f4 e6 4. Nf3 Nd7 5. d3 Ngf6 6. h3 Bxf3 7. Bxf3 Bc5 8. d4
Bb6 9. Qd3 c5 10. c3 Rc8 11. e3 Qc7 1/2-1/2

[Event "4NCL Division 2b"]
[Site "Hinckley Island ENG"]
[Date "2014.11.16"]
[Round "2.25"]
[White "Lock, Gavin R"]
[Black "O/^Donnell, Conor"]
[Result "0-1"]
[WhiteElo "2152"]
[BlackElo "2153"]
[PlyCount "72"]
[EventDate "2014.11.16"]
[WhiteTeam "Wessex"]
[BlackTeam "Barbican 4NCL Youth"]

1. d4 d5 2. Nf3 Nf6 3. c4 c6 4. e3 Bf5 5. cxd5 cxd5 6. Qb3 Qc7 7. Bb5+ Bd7 8.
Bxd7+ Nbxd7 9. Nc3 e6 10. Bd2 Rc8 11. O-O Be7 12. Rfc1 Qb8 13. Na4 O-O 14. Bb4
Bxb4 15. Qxb4 Ne4 16. Ne1 b5 17. Nc5 Nexc5 18. dxc5 Ne5 19. Qd4 a5 20. Nd3 Nc6
21. Qg4 f5 22. Qg3 e5 23. b3 d4 24. exd4 Nxd4 25. Qxe5 Qxe5 26. Nxe5 Rfe8 27.
f4 Ne2+ 28. Kf1 Nxf4 29. Nd7 Rc7 30. c6 Nd3 31. Rc3 Nb4 32. Rc5 Rxc6 33. Rxb5
Nc2 34. Rd1 Ne3+ 35. Ke2 Nxd1+ 36. Kxd1 Rd6+ 0-1

[Event "4NCL Division 2b"]
[Site "Hinckley Island ENG"]
[Date "2014.11.16"]
[Round "2.26"]
[White "Moss, Guy"]
[Black "Simons, Martin J"]
[Result "1-0"]
[WhiteElo "2019"]
[BlackElo "2081"]
[PlyCount "47"]
[EventDate "2014.11.16"]
[WhiteTeam "Barbican 4NCL Youth"]
[BlackTeam "Wessex"]

1. e4 Nc6 2. d4 d5 3. exd5 Qxd5 4. Nf3 Bg4 5. Be2 O-O-O 6. c4 Qd7 7. d5 Bxf3 8.
gxf3 Ne5 9. f4 Ng6 10. f5 Ne5 11. f4 Qxf5 12. fxe5 Qxe5 13. Nc3 e6 14. O-O g5
15. Bf3 g4 16. Bg2 exd5 17. Qxg4+ Kb8 18. Bf4 Qd4+ 19. Kh1 Bd6 20. Rad1 Qxc4
21. Bxd5 Qb4 22. a3 Qb6 23. Bxd6 Rxd6 24. Qd4 1-0

[Event "4NCL Division 2b"]
[Site "Hinckley Island ENG"]
[Date "2014.11.16"]
[Round "2.27"]
[White "Pleasants, Allan J"]
[Black "Sands, David"]
[Result "1/2-1/2"]
[WhiteElo "2109"]
[BlackElo "2194"]
[PlyCount "32"]
[EventDate "2014.11.16"]
[WhiteTeam "Wessex"]
[BlackTeam "Barbican 4NCL Youth"]

1. e4 c5 2. Nf3 e6 3. Nc3 Nc6 4. d3 Nf6 5. g3 d5 6. Bg5 d4 7. Ne2 e5 8. Bg2 h6
9. Bxf6 Qxf6 10. O-O g5 11. c3 Be6 12. Ne1 Qe7 13. f4 f6 14. Nf3 O-O-O 15. f5
Bf7 16. c4 Qc7 1/2-1/2

[Event "4NCL Division 2b"]
[Site "Hinckley Island ENG"]
[Date "2014.11.16"]
[Round "2.28"]
[White "Brett, Andrew"]
[Black "Clark, Ian C"]
[Result "1/2-1/2"]
[WhiteElo "2122"]
[BlackElo "2059"]
[PlyCount "39"]
[EventDate "2014.11.16"]
[WhiteTeam "Barbican 4NCL Youth"]
[BlackTeam "Wessex"]

1. Nf3 d5 2. d4 Nf6 3. c4 e6 4. g3 dxc4 5. Bg2 c5 6. O-O Nc6 7. dxc5 Qxd1 8.
Rxd1 Bxc5 9. Nbd2 c3 10. bxc3 e5 11. Nc4 Ne4 12. Be3 Bxe3 13. fxe3 Nxc3 14. Rd2
f6 15. Rc1 Na4 16. Nh4 O-O 17. Bd5+ Kh8 18. Nd6 Nb6 19. Nf7+ Kg8 20. Nh6+
1/2-1/2

[Event "4NCL Division 2b"]
[Site "Hinckley Island ENG"]
[Date "2014.11.16"]
[Round "2.29"]
[White "Tunks, Dominic R"]
[Black "Stewart, Ashley"]
[Result "0-1"]
[WhiteElo "2061"]
[BlackElo "2075"]
[PlyCount "104"]
[EventDate "2014.11.16"]
[WhiteTeam "Wessex"]
[BlackTeam "Barbican 4NCL Youth"]

1. Nf3 d5 2. e3 g6 3. c4 Nf6 4. b4 Bg7 5. Bb2 O-O 6. cxd5 Nxd5 7. Bxg7 Kxg7 8.
a3 c6 9. Qc2 Nd7 10. d4 a5 11. b5 cxb5 12. Bxb5 Qb6 13. Be2 N7f6 14. Nbd2 Bg4
15. h3 Bxf3 16. Bxf3 Rfc8 17. Qb3 Qxb3 18. Nxb3 Rc3 19. Nc5 b6 20. Ne4 Nxe4 21.
Bxe4 e6 22. Bxd5 exd5 23. Kd2 Rac8 24. Rhb1 Rc2+ 25. Ke1 R8c6 26. Kf1 Rf6 27.
f3 Rfc6 28. Rb3 Rd2 29. e4 dxe4 30. fxe4 Rxd4 31. Rab1 Rxe4 32. Rxb6 Rxb6 33.
Rxb6 Re3 34. a4 Re4 35. Ra6 Rxa4 36. Ke2 Ra3 37. Kf2 h5 38. h4 Ra4 39. Kf3 Rxh4
40. Rxa5 Rb4 41. Ra6 g5 42. Ra2 Kg6 43. Kg3 Rb3+ 44. Kh2 Re3 45. Rf2 h4 46. Rf1
g4 47. Rf4 f5 48. Ra4 Kg5 49. Rb4 Re1 50. g3 Re2+ 51. Kg1 hxg3 52. Kf1 Rc2 0-1

[Event "4NCL Division 2b"]
[Site "Hinckley Island ENG"]
[Date "2014.11.16"]
[Round "2.30"]
[White "Hodgson, John"]
[Black "Gregory, Keith DF"]
[Result "1/2-1/2"]
[WhiteElo "2104"]
[BlackElo "2020"]
[PlyCount "85"]
[EventDate "2014.11.16"]
[WhiteTeam "Barbican 4NCL Youth"]
[BlackTeam "Wessex"]

1. e4 d6 2. d4 Nf6 3. Nc3 Nbd7 4. Nf3 e5 5. Bc4 h6 6. O-O Be7 7. Re1 c6 8. a4
Qc7 9. b3 Nf8 10. Nh4 g6 11. Nf3 Bg4 12. d5 Bc8 13. Ba3 N6d7 14. Nd2 c5 15. Bf1
a6 16. Nc4 b6 17. g3 Bf6 18. h4 Rb8 19. Bc1 Bg7 20. Bd2 Nh7 21. Ne3 Nhf6 22.
Bd3 Qd8 23. Qe2 Ra8 24. Kg2 Qe7 25. Rh1 Nh5 26. Qf1 Ra7 27. Be2 Ndf6 28. Ra2
Ng8 29. Nc4 Qd8 30. a5 b5 31. Nb6 Nhf6 32. Nxc8 Qxc8 33. f3 Qb8 34. Bxb5+ axb5
35. Qxb5+ Nd7 36. Qxb8+ Nxb8 37. Nb5 Ra6 38. Nc7+ Kd7 39. Nxa6 Nxa6 40. c3 Ne7
41. b4 cxb4 42. cxb4 Rb8 43. Rb1 1/2-1/2